[Event "Olimpiada Dresden 2008 Femenina"]
[Site "Dresden GER"]
[Date "2008.11.15"]
[Round "3.33"]
[White "Berend, Elvira"]
[Black "Nekrasova, Elena"]
[Result "1/2-1/2"]
[WhiteElo "2328"]
[BlackElo "2091"]
[PlyCount "120"]
[EventDate "2008.11.13"]
[EventType "team-tourn"]
[EventRounds "11"]
[EventCountry "GER"]
[Source "lmi"]
[SourceDate "2008.11.13"]
[WhiteTeam "Luxemburgo"]
[BlackTeam "Líbano"]
[WhiteTeamCountry "LUX"]
[BlackTeamCountry "LBN"]

1. e4 c5 2. Nf3 e6 3. d4 cxd4 4. Nxd4 a6 5. Bd3 Bc5 6. Nb3 Be7 7. Qg4 g6 8. Qe2
d6 9. O-O Nd7 10. Na3 Qc7 11. Nc4 b5 12. Nca5 Ngf6 13. Bh6 Ne5 14. h3 Bf8 15.
Bxf8 Kxf8 16. f4 Qb6+ 17. Kh2 Nxd3 18. Qxd3 Kg7 19. e5 dxe5 20. fxe5 Qc7 21.
Kh1 Nd5 22. Qe4 Bd7 23. Rac1 b4 24. c4 bxc3 25. bxc3 Bc6 26. Qf3 Rhf8 27. Nxc6
Qxc6 28. c4 Nb4 29. Qf6+ Kg8 30. Nd4 Qc5 31. Rcd1 Qxc4 32. Nf3 Nd5 33. Qg5 Qf4
34. Qxf4 Nxf4 35. Rd7 h6 36. Nd4 g5 37. Nc6 Kg7 38. Rb1 Rac8 39. Rb6 Ng6 40.
Ra7 Nf4 41. Rbxa6 Nd5 42. a4 h5 43. Kh2 Kg6 44. a5 Kf5 45. Rb7 h4 46. Rb1 Rc7
47. Rf1+ Kg6 48. Nd4 Rb8 49. Rc6 Rd7 50. Rd6 Rc7 51. Rc6 Rb4 52. Rxc7 Nxc7 53.
Nc6 Ra4 54. Rf6+ Kg7 55. Nd8 Nd5 56. Rxf7+ Kg6 57. Rf2 Nf4 58. Nxe6 Nxe6 59.
Rf6+ Kg7 60. Rxe6 Rxa5 1/2-1/2

[Event "Olimpiada Dresden 2008 Femenina"]
[Site "Dresden GER"]
[Date "2008.11.15"]
[Round "3.33"]
[White "Jalloul, Maya M"]
[Black "Wagener, Anna"]
[Result "0-1"]
[WhiteElo "1889"]
[BlackElo "2246"]
[PlyCount "105"]
[EventDate "2008.11.13"]
[EventType "team-tourn"]
[EventRounds "11"]
[EventCountry "GER"]
[Source "lmi"]
[SourceDate "2008.11.13"]
[WhiteTeam "Líbano"]
[BlackTeam "Luxemburgo"]
[WhiteTeamCountry "LBN"]
[BlackTeamCountry "LUX"]

1. d4 d5 2. c4 e6 3. Nc3 Nf6 4. cxd5 exd5 5. Bg5 c6 6. e3 Be7 7. Bd3 O-O 8. Nf3
Nbd7 9. Qc2 Re8 10. O-O Nf8 11. h3 Be6 12. Rab1 N6d7 13. Bf4 Nb6 14. Rfc1 Bd6
15. Be5 f6 16. Bxd6 Qxd6 17. Nd2 Bf7 18. b4 a6 19. a4 Nc4 20. Nxc4 dxc4 21. Be2
b5 22. Qb2 Nd7 23. Rd1 Bd5 24. Qc2 Nb6 25. a5 Nd7 26. e4 Bf7 27. g3 Nf8 28. Bf3
Ne6 29. Ne2 Ng5 30. Bg2 Bg6 31. f3 Qd7 32. h4 Ne6 33. Rd2 Rad8 34. Bh3 Nxd4 35.
Rxd4 Qxh3 36. Qd2 Rxd4 37. Qxd4 f5 38. Qd7 Rf8 39. Rd1 Be8 40. Qc8 c3 41. Rd8
c2 42. Qe6+ Bf7 43. Rxf8+ Kxf8 44. Qd6+ Ke8 45. Qxc6+ Kf8 46. Qc8+ Ke7 47. exf5
c1=Q+ 48. Qxc1 Qxf5 49. Kf2 Bc4 50. Nd4 Qh3 51. Qg5+ Kd6 52. Qd8+ Ke5 53. Ke3
0-1

[Event "Olimpiada Dresden 2008 Femenina"]
[Site "Dresden GER"]
[Date "2008.11.15"]
[Round "3.33"]
[White "Steil-Antoni, Fiona"]
[Black "Mouradian, Suzan"]
[Result "1-0"]
[WhiteElo "2166"]
[BlackElo "1828"]
[PlyCount "94"]
[EventDate "2008.11.13"]
[EventType "team-tourn"]
[EventRounds "11"]
[EventCountry "GER"]
[Source "lmi"]
[SourceDate "2008.11.13"]
[WhiteTeam "Luxemburgo"]
[BlackTeam "Líbano"]
[WhiteTeamCountry "LUX"]
[BlackTeamCountry "LBN"]

1. e4 c5 2. Nf3 d6 3. d4 cxd4 4. Nxd4 Nf6 5. Nc3 a6 6. Bg5 Nbd7 7. f4 b5 8. Qe2
e5 9. Nc6 Qc7 10. Nb4 Bb7 11. O-O-O Rc8 12. g3 Qa5 13. fxe5 dxe5 14. Bxf6 Nxf6
15. Nbd5 b4 16. Qd3 Rd8 17. Nxf6+ gxf6 18. Qxd8+ Qxd8 19. Rxd8+ Kxd8 20. Nd5 f5
21. Bg2 fxe4 22. Bxe4 Bc5 23. Rf1 Rf8 24. g4 Bxd5 25. Bxd5 Be3+ 26. Kd1 Bf4 27.
Ke2 Ke7 28. Kd3 h5 29. h3 Kf6 30. gxh5 Rh8 31. c4 Rxh5 32. Bg2 Rg5 33. Rf2 Rg3+
34. Bf3 Ke6 35. Kc2 f5 36. Bb7 a5 37. Rf3 Rg1 38. Kb3 Rc1 39. Bd5+ Kf6 40. Ka4
Kg5 41. Kxa5 e4 42. Rf2 Bg3 43. Rd2 b3 44. Rg2 bxa2 45. Rxg3+ Kf4 46. Ra3 a1=Q
47. Rxa1 Rxa1+ 1-0

[Event "Olimpiada Dresden 2008 Femenina"]
[Site "Dresden GER"]
[Date "2008.11.15"]
[Round "3.34"]
[White "Yildiz, Betul Cemre"]
[Black "Pulpan, Oana"]
[Result "1-0"]
[WhiteElo "2219"]
[BlackElo "1682"]
[PlyCount "91"]
[EventDate "2008.11.13"]
[EventType "team-tourn"]
[EventRounds "11"]
[EventCountry "GER"]
[Source "lmi"]
[SourceDate "2008.11.13"]
[WhiteTeam "Turquía"]
[BlackTeam "Malta"]
[WhiteTeamCountry "TUR"]
[BlackTeamCountry "MLT"]

1. e4 d5 2. exd5 Qxd5 3. Nf3 Bg4 4. Be2 Nc6 5. h3 Bxf3 6. Bxf3 Qe6+ 7. Qe2
Qxe2+ 8. Bxe2 Nd4 9. Bd1 O-O-O 10. c3 Nc6 11. Bb3 e6 12. O-O Na5 13. Bc2 c5 14.
d3 Ne7 15. Nd2 Nd5 16. Nf3 Bd6 17. g3 Nc6 18. Re1 h6 19. Bd2 Be7 20. Ba4 Bf6
21. Bxc6 bxc6 22. Rad1 Rd7 23. Bc1 Rhd8 24. Ne5 Bxe5 25. Rxe5 Nb6 26. Rxc5 Rxd3
27. Re1 Kb7 28. Rce5 Nc4 29. R5e4 Nd2 30. Rb4+ Kc7 31. Re2 R8d5 32. Rf4 Rd7 33.
Rxd2 Rxd2 34. Bxd2 Rxd2 35. Rxf7+ Kb6 36. Rxg7 Rxb2 37. Rg6 Rxa2 38. Rxh6 Re2
39. Kf1 Re5 40. Rh8 a5 41. Rb8+ Kc5 42. g4 Kd5 43. h4 Ke4 44. h5 Kf3 45. h6 Rd5
46. Rf8+ 1-0

[Event "Olimpiada Dresden 2008 Femenina"]
[Site "Dresden GER"]
[Date "2008.11.15"]
[Round "3.34"]
[White "Bayrak, Asli"]
[Black "Sciortino, Marilyn"]
[Result "1-0"]
[WhiteElo "2005"]
[BlackElo "2005"]
[PlyCount "83"]
[EventDate "2008.11.13"]
[EventType "team-tourn"]
[EventRounds "11"]
[EventCountry "GER"]
[Source "lmi"]
[SourceDate "2008.11.13"]
[WhiteTeam "Turquía"]
[BlackTeam "Malta"]
[WhiteTeamCountry "TUR"]
[BlackTeamCountry "MLT"]

1. d4 d5 2. Nf3 c6 3. c4 Nf6 4. Nc3 dxc4 5. a4 Bf5 6. Ne5 Nbd7 7. Nxc4 Nb6 8.
Ne5 a5 9. f3 Nfd7 10. Nxd7 Nxd7 11. e4 Bg6 12. Be2 e6 13. O-O Bb4 14. Be3 O-O
15. Qc2 Qe7 16. Na2 Bd6 17. f4 f5 18. e5 Bc7 19. Bf3 Rac8 20. Bd2 Rfd8 21. Rfd1
Ra8 22. Nc1 Nb6 23. Nb3 Nd5 24. Rac1 Be8 25. Nc5 Bb6 26. Qb3 Bxc5 27. Rxc5 Qc7
28. Rdc1 b6 29. R5c4 Qa7 30. Kh1 Rac8 31. g4 g6 32. gxf5 gxf5 33. Rg1+ Kh8 34.
Be1 Bg6 35. Bh4 Rd7 36. Bxd5 Rxd5 37. Qh3 Qf7 38. Bf6+ Kg8 39. Qh6 c5 40. Rc2
Rxd4 41. Rcg2 Qb7 42. h4 1-0

[Event "Olimpiada Dresden 2008 Femenina"]
[Site "Dresden GER"]
[Date "2008.11.15"]
[Round "3.35"]
[White "Perez, Dalila"]
[Black "Gevorgyan, Irina"]
[Result "0-1"]
[WhiteElo "1632"]
[BlackElo "2179"]
[PlyCount "80"]
[EventDate "2008.11.13"]
[EventType "team-tourn"]
[EventRounds "11"]
[EventCountry "GER"]
[Source "lmi"]
[SourceDate "2008.11.13"]
[WhiteTeam "Paraguay"]
[BlackTeam "Uzbekistán"]
[WhiteTeamCountry "PAR"]
[BlackTeamCountry "UZB"]

1. d4 d6 2. Nf3 g6 3. g3 Bg7 4. Bg2 f5 5. O-O Nh6 6. c4 O-O 7. Nc3 c6 8. Qb3
Nf7 9. e4 e5 10. dxe5 dxe5 11. Be3 Qc7 12. Rad1 f4 13. Bc5 Re8 14. Qa3 Na6 15.
Bd6 Nxd6 16. Qxd6 Qxd6 17. Rxd6 Bf8 18. Rdd1 Bg4 19. h3 Bxf3 20. Bxf3 fxg3 21.
fxg3 Bc5+ 22. Kg2 Bd4 23. Ne2 Rad8 24. Rd2 Be3 25. Rdd1 Nc5 26. b3 a5 27. Nc3
Bd4 28. Ne2 Bb2 29. Kf2 Nd3+ 30. Ke3 Nb4 31. Bg4 Nc2+ 32. Kf2 Ba3 33. Kg1 Bc5+
34. Kh1 Ne3 35. Rxd8 Rxd8 36. Be6+ Kh8 37. Ra1 Rd2 38. Ng1 Rf2 39. Bc8 Nf1 40.
Ne2 Rh2# 0-1

[Event "Olimpiada Dresden 2008 Femenina"]
[Site "Dresden GER"]
[Date "2008.11.15"]
[Round "3.35"]
[White "Tokhirjanova, Hulkar"]
[Black "Rojas, Montserrat"]
[Result "1-0"]
[WhiteElo "2106"]
[BlackElo "1689"]
[PlyCount "109"]
[EventDate "2008.11.13"]
[EventType "team-tourn"]
[EventRounds "11"]
[EventCountry "GER"]
[Source "lmi"]
[SourceDate "2008.11.13"]
[WhiteTeam "Uzbekistán"]
[BlackTeam "Paraguay"]
[WhiteTeamCountry "UZB"]
[BlackTeamCountry "PAR"]

1. e4 c5 2. Nf3 d6 3. d4 cxd4 4. Nxd4 Nf6 5. Nc3 a6 6. Bc4 e6 7. Bb3 b5 8. Bg5
Be7 9. Qf3 Qb6 10. O-O-O O-O 11. Rhe1 Nbd7 12. Qh3 Nc5 13. f4 Re8 14. Kb1 Bb7
15. f5 e5 16. Bxf6 Bxf6 17. Nf3 Nxb3 18. axb3 a5 19. g4 h6 20. Qf1 b4 21. Na4
Qc7 22. Qc4 Qxc4 23. bxc4 Ra6 24. b3 Be7 25. Kb2 Bc6 26. Ra1 g5 27. Kc1 Kg7 28.
Kd2 h5 29. h3 Rh8 30. Ke3 f6 31. c3 hxg4 32. hxg4 Rb8 33. Kd3 bxc3 34. Kc2 Rh8
35. Nxc3 Raa8 36. Rh1 Bd8 37. Rxh8 Kxh8 38. Nd5 Kg7 39. Nd2 Kf7 40. Rh1 Kg7 41.
Nb1 Rb8 42. Nbc3 Rb7 43. Kb2 Rb8 44. Ka3 Rb7 45. Rh2 Rb8 46. Rd2 Kf7 47. Nb5
Bxb5 48. cxb5 Rxb5 49. Rh2 Kg7 50. Rc2 Kf7 51. Rc8 Bb6 52. Ka4 Rxd5 53. exd5 e4
54. Rc4 e3 55. Re4 1-0

[Event "Olimpiada Dresden 2008 Femenina"]
[Site "Dresden GER"]
[Date "2008.11.15"]
[Round "3.36"]
[White "Mateus, Martha"]
[Black "Qane, Chnar"]
[Result "1-0"]
[WhiteElo "2138"]
[BlackElo "1913"]
[PlyCount "82"]
[EventDate "2008.11.13"]
[EventType "team-tourn"]
[EventRounds "11"]
[EventCountry "GER"]
[Source "lmi"]
[SourceDate "2008.11.13"]
[WhiteTeam "Colombia"]
[BlackTeam "Irak"]
[WhiteTeamCountry "COL"]
[BlackTeamCountry "IRQ"]

1. d4 d5 2. Nf3 Nf6 3. c3 c5 4. dxc5 e6 5. e3 Bxc5 6. b4 Bd6 7. a3 a5 8. Bb2
O-O 9. Nbd2 Qe7 10. b5 e5 11. Be2 Nbd7 12. c4 e4 13. Nd4 Nb6 14. cxd5 Re8 15.
h3 Nfxd5 16. Nc4 Nxc4 17. Bxc4 Nb6 18. Be2 Qg5 19. g4 Be5 20. h4 Qe7 21. Qc2
Be6 22. Nxe6 Qxe6 23. Bxe5 Qxe5 24. Rd1 Qe7 25. Qb3 h6 26. Kf1 Nd7 27. Kg2 Nc5
28. Qb2 Rac8 29. Rd4 b6 30. h5 f5 31. gxf5 Qg5+ 32. Kf1 Qxf5 33. Rg1 Rc7 34.
Rg3 Kh7 35. Bg4 Qf6 36. Rd2 Qf7 37. Rc2 Rf8 38. Rd2 Nd3 39. Qa2 Rc1+ 40. Kg2
Qf6 41. f4 exf3+ 1-0

[Event "Olimpiada Dresden 2008 Femenina"]
[Site "Dresden GER"]
[Date "2008.11.15"]
[Round "3.38"]
[White "Al-Khelaifi, Salama"]
[Black "Leite, Catarina"]
[Result "0-1"]
[WhiteElo "1707"]
[BlackElo "2153"]
[PlyCount "79"]
[EventDate "2008.11.13"]
[EventType "team-tourn"]
[EventRounds "11"]
[EventCountry "GER"]
[Source "lmi"]
[SourceDate "2008.11.13"]
[WhiteTeam "Qatar"]
[BlackTeam "Portugal"]
[WhiteTeamCountry "QAT"]
[BlackTeamCountry "POR"]

1. d4 d5 2. Nf3 c5 3. e3 Nc6 4. c3 e6 5. Bd3 Nf6 6. Nbd2 Bd6 7. O-O O-O 8. dxc5
Bxc5 9. e4 dxe4 10. Nxe4 Be7 11. Qe2 Qc7 12. Nfg5 Nxe4 13. Qxe4 f5 14. Qe2 Bxg5
15. Bxg5 e5 16. Bc4+ Kh8 17. Rad1 f4 18. f3 Bf5 19. Rfe1 Rae8 20. Bxf4 Bc2 21.
Qxc2 exf4 22. Bd3 Ne5 23. Be4 Nc4 24. Rd4 Ne3 25. Qd3 Qe7 26. Bxh7 Qh4 27. Rxe3
Rxe3 28. Qxe3 Qxh7 29. Qe4 Qh4 30. g3 Qg5 31. Rd5 Qh6 32. g4 Qb6+ 33. Kg2 Qxb2+
34. Kh3 Qxc3 35. Rh5+ Kg8 36. Qxb7 Qe1 37. Qd5+ Rf7 38. Rf5 Qf1+ 39. Kh4 Qe1+
40. Kh5 0-1

[Event "Olimpiada Dresden 2008 Femenina"]
[Site "Dresden GER"]
[Date "2008.11.15"]
[Round "3.38"]
[White "Pintor, Ariana"]
[Black "Al-Khelaifi, Aisha"]
[Result "1-0"]
[WhiteElo "2152"]
[BlackElo "1640"]
[PlyCount "72"]
[EventDate "2008.11.13"]
[EventType "team-tourn"]
[EventRounds "11"]
[EventCountry "GER"]
[Source "lmi"]
[SourceDate "2008.11.13"]
[WhiteTeam "Portugal"]
[BlackTeam "Qatar"]
[WhiteTeamCountry "POR"]
[BlackTeamCountry "QAT"]

1. e4 e5 2. Nf3 Nc6 3. Bc4 Nf6 4. d3 h6 5. Nbd2 g6 6. Nf1 Bg7 7. a4 d5 8. exd5
Nxd5 9. a5 O-O 10. Ng3 Bg4 11. c3 Qd7 12. h3 Be6 13. O-O Rad8 14. a6 b6 15. Bb5
Nde7 16. Qa4 Bd5 17. Nd2 f5 18. f3 Kh7 19. Nc4 Qc8 20. Re1 f4 21. Nh1 Nb8 22.
Nxe5 c6 23. Bc4 b5 24. Bxb5 cxb5 25. Qxb5 Nec6 26. Ng4 h5 27. Ngf2 Rf5 28. Qa4
Ne5 29. Bxf4 Bc6 30. Qb4 Bf8 31. Qb3 Nxf3+ 32. gxf3 Rxf4 33. Qe6 Qc7 34. Qe5
Bd6 35. Qg5 Rf5 36. Qh4 Bxf3 1-0

[Event "Olimpiada Dresden 2008 Femenina"]
[Site "Dresden GER"]
[Date "2008.11.15"]
[Round "3.38"]
[White "Safar, Reem"]
[Black "Baptista, Ana Filipa"]
[Result "0-1"]
[WhiteElo "1719"]
[BlackElo "2168"]
[PlyCount "94"]
[EventDate "2008.11.13"]
[EventType "team-tourn"]
[EventRounds "11"]
[EventCountry "GER"]
[Source "lmi"]
[SourceDate "2008.11.13"]
[WhiteTeam "Qatar"]
[BlackTeam "Portugal"]
[WhiteTeamCountry "QAT"]
[BlackTeamCountry "POR"]

1. e4 e5 2. Nf3 Nf6 3. Nxe5 d6 4. Nf3 Nxe4 5. Qe2 Qe7 6. d3 Nf6 7. Bg5 Qxe2+ 8.
Bxe2 Be7 9. Nc3 c6 10. O-O-O O-O 11. Ne4 Nbd7 12. Rhe1 h6 13. Bf4 d5 14. Nd6
Nh5 15. Nxc8 Rfxc8 16. Be3 Nhf6 17. Nh4 Bc5 18. d4 Bf8 19. Nf5 Re8 20. h3 Ne4
21. Bd3 Re6 22. f3 Nef6 23. c3 Rae8 24. Bd2 Rxe1 25. Rxe1 Rxe1+ 26. Bxe1 g6 27.
Ne3 Bd6 28. Kc2 Nh5 29. c4 dxc4 30. Nxc4 Bc7 31. Ba5 b6 32. Bd2 Kg7 33. b4 Nhf6
34. Be4 Nxe4 35. fxe4 f5 36. d5 cxd5 37. exd5 b5 38. Bc3+ Kf7 39. d6 Bb8 40.
Ne5+ Ke6 41. Nxg6 Bxd6 42. a3 Nb6 43. Kd3 Nc4 44. a4 a6 45. axb5 axb5 46. Nh4
Ne5+ 47. Bxe5 Kxe5 0-1

[Event "Olimpiada Dresden 2008 Femenina"]
[Site "Dresden GER"]
[Date "2008.11.15"]
[Round "3.38"]
[White "Coimbra, Margarida"]
[Black "Al-Khelaifi, Kholoud"]
[Result "1-0"]
[WhiteElo "2105"]
[BlackElo "1480"]
[PlyCount "80"]
[EventDate "2008.11.13"]
[EventType "team-tourn"]
[EventRounds "11"]
[EventCountry "GER"]
[Source "lmi"]
[SourceDate "2008.11.13"]
[WhiteTeam "Portugal"]
[BlackTeam "Qatar"]
[WhiteTeamCountry "POR"]
[BlackTeamCountry "QAT"]

1. Nf3 d5 2. d4 c5 3. c4 e6 4. cxd5 exd5 5. Nc3 Nc6 6. g3 Nf6 7. Bg2 Be7 8. O-O
O-O 9. Be3 c4 10. Ne5 Bf5 11. Nxc6 bxc6 12. b3 Bb4 13. Na4 Ne4 14. Bxe4 Bxe4
15. f3 Bf5 16. bxc4 dxc4 17. Rc1 Be6 18. Qc2 Qa5 19. Bf2 Bd2 20. Ra1 c3 21. Nc5
Bc4 22. Rfe1 Rfb8 23. Nd3 Qa3 24. Red1 Bb5 25. Rxd2 Ba4 26. Rc1 Bxc2 27. Rdxc2
Qa4 28. Nc5 Qc4 29. Nb3 a5 30. Kf1 Re8 31. Rd1 a4 32. Nc1 Rab8 33. Rd3 Rb2 34.
Rcxc3 Qe6 35. Kg2 h5 36. Ra3 h4 37. gxh4 Rc2 38. Rd1 Qc4 39. Re3 Rxe3 40. Bxe3
Rxe2+ 1-0

[Event "Olimpiada Dresden 2008 Femenina"]
[Site "Dresden GER"]
[Date "2008.11.15"]
[Round "3.39"]
[White "Baklanova, Tatiana"]
[Black "Yueh, Elsa Wei Chung"]
[Result "1-0"]
[WhiteElo "2231"]
[BlackElo "1612"]
[PlyCount "64"]
[EventDate "2008.11.13"]
[EventType "team-tourn"]
[EventRounds "11"]
[EventCountry "GER"]
[Source "lmi"]
[SourceDate "2008.11.13"]
[WhiteTeam "Ucrania"]
[BlackTeam "TPE"]
[WhiteTeamCountry "UKR"]

1. e4 c5 2. Nf3 Nc6 3. c3 d5 4. exd5 Qxd5 5. d4 Bg4 6. Be2 Nf6 7. h3 Bxf3 8.
Bxf3 Qe6+ 9. Be3 cxd4 10. cxd4 Nd5 11. Qe2 g6 12. Bxd5 Qxd5 13. Nc3 Qf5 14. g4
Qa5 15. d5 Bg7 16. dxc6 Bxc3+ 17. bxc3 Qxc3+ 18. Qd2 Qxa1+ 19. Ke2 Qe5 20. Qd7+
Kf8 21. cxb7 Rb8 22. Rb1 f6 23. Qd4 Qe6 24. Qxa7 Kf7 25. Rb4 Rhd8 26. a4 Qd5
27. Rd4 Qa2+ 28. Kf3 Rxd4 29. Qxb8 Qd5+ 30. Kg3 Rd1 31. Bh6 Rg1+ 32. Kh4 Qh5+
1-0

[Event "Olimpiada Dresden 2008 Femenina"]
[Site "Dresden GER"]
[Date "2008.11.15"]
[Round "3.39"]
[White "Chen, I Chen"]
[Black "Gerasimova, Olga"]
[Result "1/2-1/2"]
[WhiteElo "1725"]
[BlackElo "2316"]
[PlyCount "84"]
[EventDate "2008.11.13"]
[EventType "team-tourn"]
[EventRounds "11"]
[EventCountry "GER"]
[Source "lmi"]
[SourceDate "2008.11.13"]
[WhiteTeam "TPE"]
[BlackTeam "Rusia"]
[BlackTeamCountry "RUS"]

1. e4 c5 2. Nf3 d6 3. d4 cxd4 4. Nxd4 Nf6 5. Nc3 a6 6. Bg5 e6 7. f4 Qc7 8. Qf3
b5 9. f5 b4 10. Ncb5 axb5 11. Bxb5+ Bd7 12. fxe6 Bxb5 13. Nxb5 Qc5 14. Bxf6
fxe6 15. Nd4 gxf6 16. Nxe6 Qc4 17. Qf5 Nd7 18. Rf1 Rxa2 19. Rxa2 Qxa2 20. Qh5+
Ke7 21. Nc7 Kd8 22. Nd5 Qxb2 23. Qe2 Qa1+ 24. Kf2 Qd4+ 25. Kg3 Rg8+ 26. Kh3 Rg6
27. g3 Nc5 28. Re1 Ke8 29. Qh5 Qe5 30. Qe2 Kf7 31. Qc4 Kg7 32. Nf4 Qc3 33. Nh5+
Kh6 34. Qe2 Rg5 35. Nf4 Qe5 36. Qe3 f5 37. exf5 Qxe3 38. Rxe3 Rxf5 39. Kg4 Rg5+
40. Kh4 Re5 41. Rf3 Be7+ 42. Kh3 Ne4 1/2-1/2

[Event "Olimpiada Dresden 2008 Femenina"]
[Site "Dresden GER"]
[Date "2008.11.15"]
[Round "3.39"]
[White "Mucha, Annegret"]
[Black "Lin, Yu-Tong Elaine"]
[Result "1-0"]
[WhiteElo "1965"]
[BlackElo "1487"]
[PlyCount "70"]
[EventDate "2008.11.13"]
[EventType "team-tourn"]
[EventRounds "11"]
[EventCountry "GER"]
[Source "lmi"]
[SourceDate "2008.11.13"]
[WhiteTeam "Alemania"]
[BlackTeam "TPE"]
[WhiteTeamCountry "GER"]

1. e4 e6 2. d4 d5 3. e5 c5 4. c3 Nc6 5. Nf3 Qb6 6. a3 Nh6 7. b4 cxd4 8. cxd4
Nf5 9. Bb2 Bd7 10. g4 Nh6 11. Rg1 f6 12. exf6 gxf6 13. Nc3 Rg8 14. h3 Rc8 15.
Rc1 Nf7 16. Na4 Qd8 17. Bd3 Bh6 18. Rc2 Nxb4 19. axb4 Rxc2 20. Qxc2 Rg7 21. Nc5
b6 22. Nxd7 Qxd7 23. Kd1 Nd6 24. Re1 Re7 25. Re2 b5 26. Bc1 Bxc1 27. Qxc1 Nc4
28. Qf4 e5 29. Qxf6 Rf7 30. Qh8+ Rf8 31. Rxe5+ Nxe5 32. Qxe5+ Kd8 33. Bf5 Qc6
34. Qb8+ Ke7 35. Qxa7+ Kf6 1-0

[Event "Olimpiada Dresden 2008 Femenina"]
[Site "Dresden GER"]
[Date "2008.11.15"]
[Round "3.40"]
[White "Lyons, Kieran"]
[Black "Khoudgarian, Natalia"]
[Result "0-1"]
[WhiteElo "1840"]
[BlackElo "2149"]
[PlyCount "78"]
[EventDate "2008.11.13"]
[EventType "team-tourn"]
[EventRounds "11"]
[EventCountry "GER"]
[Source "lmi"]
[SourceDate "2008.11.13"]
[WhiteTeam "Fiji"]
[BlackTeam "Canadá"]
[WhiteTeamCountry "FIJ"]
[BlackTeamCountry "CAN"]

1. d4 Nf6 2. c4 e6 3. Nc3 Bb4 4. Qc2 c5 5. dxc5 Bxc5 6. Nf3 Qb6 7. e3 Qc7 8. a3
b6 9. b4 Be7 10. Bb2 a6 11. Ne4 Bb7 12. Bd3 d6 13. Nxf6+ Bxf6 14. Bxf6 gxf6 15.
O-O f5 16. e4 Rg8 17. Kh1 f4 18. Qd2 e5 19. Nh4 Nc6 20. Nf5 Rd8 21. Qe2 Ne7 22.
f3 Bc8 23. Rac1 Kf8 24. Qf2 Nxf5 25. exf5 f6 26. Rfd1 Kg7 27. c5 bxc5 28. bxc5
d5 29. Qb2 Kh8 30. Qb6 Qg7 31. Rg1 Rde8 32. c6 Qh6 33. Rge1 Rg5 34. Rc2 Reg8
35. c7 Rh5 36. Qg1 Qf8 37. Qc5 Qh6 38. Qg1 Qf8 39. Qc5 Qh6 0-1

[Event "Olimpiada Dresden 2008 Femenina"]
[Site "Dresden GER"]
[Date "2008.11.15"]
[Round "3.40"]
[White "Barron, Irina"]
[Black "Gloria, Sukhu"]
[Result "1-0"]
[WhiteElo "2071"]
[BlackElo "1562"]
[PlyCount "136"]
[EventDate "2008.11.13"]
[EventType "team-tourn"]
[EventRounds "11"]
[EventCountry "GER"]
[Source "lmi"]
[SourceDate "2008.11.13"]
[WhiteTeam "Canadá"]
[BlackTeam "Fiji"]
[WhiteTeamCountry "CAN"]
[BlackTeamCountry "FIJ"]

1. d4 Nf6 2. c4 g6 3. Nc3 Bg7 4. e4 d6 5. Be2 O-O 6. Bg5 c6 7. Qd2 Nbd7 8. h4
e5 9. d5 cxd5 10. cxd5 a5 11. f3 Nc5 12. Nh3 a4 13. Nf2 Qa5 14. Nb5 Qb6 15. Rc1
Bd7 16. Na3 Rac8 17. g4 Na6 18. Nc4 Qc7 19. O-O Nc5 20. Qb4 b5 21. Na3 Rb8 22.
Rc2 Rfc8 23. Rfc1 Qd8 24. Kg2 h6 25. Be3 Bf8 26. Rh1 Ne8 27. Rcc1 Nc7 28. Qd2
Kh7 29. h5 g5 30. Nd3 N7a6 31. Nc2 f6 32. Rb1 Qc7 33. Rhc1 Qb7 34. Ncb4 Nxd3
35. Bxd3 Nc5 36. Rc2 Nxd3 37. Qxd3 Rxc2+ 38. Qxc2 Rc8 39. Qd2 Be7 40. Rc1 Rxc1
41. Qxc1 Bd8 42. Nc6 Bb6 43. Bd2 Bc5 44. Nb4 Qb6 45. Nd3 b4 46. Nxc5 Qxc5 47.
Qxc5 dxc5 48. a3 b3 49. Kf2 Bb5 50. Ke1 Kg7 51. Be3 c4 52. Bd2 Kf7 53. Bb4 Ba6
54. Kd2 Bb5 55. Kc3 Ba6 56. Bc5 Bb5 57. Be3 Ke7 58. Bc1 Ba6 59. Be3 Bb5 60.
Bc5+ Ke8 61. Bf2 Kd7 62. Be1 Ba6 63. Bd2 Bb5 64. Be3 Ba6 65. Bc1 Kd6 66. Be3
Kd7 67. Bb6 Bb5 68. Bc5 Ke8 1-0

[Event "Olimpiada Dresden 2008 Femenina"]
[Site "Dresden GER"]
[Date "2008.11.15"]
[Round "3.44"]
[White "Umarova, Shahnoza"]
[Black "Sharevich, Anna"]
[Result "0-1"]
[WhiteElo "1836"]
[BlackElo "2322"]
[PlyCount "92"]
[EventDate "2008.11.13"]
[EventType "team-tourn"]
[EventRounds "11"]
[EventCountry "GER"]
[Source "lmi"]
[SourceDate "2008.11.13"]
[WhiteTeam "Tayikistán"]
[BlackTeam "Bielorusia"]
[WhiteTeamCountry "TJK"]
[BlackTeamCountry "BLR"]

1. e4 e6 2. d4 d5 3. Nc3 Bb4 4. exd5 exd5 5. Nf3 Ne7 6. Be2 O-O 7. O-O Nbc6 8.
Bd3 Bxc3 9. bxc3 Bf5 10. Rb1 Rb8 11. Re1 Bxd3 12. Qxd3 Qd7 13. Ba3 Rfe8 14.
Bxe7 Rxe7 15. Rxe7 Nxe7 16. Re1 Ng6 17. Qe3 Qf5 18. Re2 h6 19. g3 Rd8 20. Ne1
Qg4 21. Nd3 h5 22. f3 Qf5 23. Kg2 Kh7 24. Qf2 Rd6 25. h4 Ra6 26. Nc1 Re6 27.
Rxe6 Qxe6 28. Qe2 Qxe2+ 29. Nxe2 Kg8 30. Kf2 Kf8 31. Ke3 Ke7 32. Ng1 Kf6 33.
Nh3 Ne7 34. Kf4 Nf5 35. Nf2 Nd6 36. g4 g6 37. Nd3 Nb5 38. g5+ Ke7 39. Ke5 Nxc3
40. f4 Nxa2 41. f5 Nc3 42. Nf4 gxf5 43. Nxh5 a5 44. Nf4 a4 45. Nd3 a3 46. Nc1
f4 0-1

[Event "Olimpiada Dresden 2008 Femenina"]
[Site "Dresden GER"]
[Date "2008.11.15"]
[Round "3.44"]
[White "Azarova, Nadezhda"]
[Black "Antonova, Nadezhda"]
[Result "1-0"]
[WhiteElo "2308"]
[BlackElo "1827"]
[PlyCount "97"]
[EventDate "2008.11.13"]
[EventType "team-tourn"]
[EventRounds "11"]
[EventCountry "GER"]
[Source "lmi"]
[SourceDate "2008.11.13"]
[WhiteTeam "Bielorusia"]
[BlackTeam "Tayikistán"]
[WhiteTeamCountry "BLR"]
[BlackTeamCountry "TJK"]

1. c4 Nf6 2. Nc3 c5 3. Nf3 Nc6 4. d4 cxd4 5. Nxd4 Qb6 6. Nb3 d6 7. Bg5 Ng4 8.
e3 h6 9. Bf4 Be6 10. Be2 Nge5 11. Nd5 Qd8 12. O-O g6 13. Nd4 Bg7 14. Nxe6 fxe6
15. Nc3 O-O 16. Bg3 Qb6 17. Qc2 Rac8 18. a3 Rf5 19. Kh1 Na5 20. Bxe5 Bxe5 21.
Bg4 Rxc4 22. Bxf5 gxf5 23. Rab1 Rh4 24. f4 Bf6 25. Rf3 Qc6 26. Rg3+ Kf7 27. Rc1
Qa6 28. Ne2 Nc6 29. e4 Rh5 30. b4 Qb6 31. Rf1 Qb5 32. Rb1 a6 33. a4 Qb6 34. b5
axb5 35. axb5 Nd4 36. Nxd4 Qxd4 37. Qe2 Rh4 38. exf5 exf5 39. Qa2+ e6 40. Qa8
Rg4 41. Qxb7+ Kg6 42. Qf3 Rxg3 43. Qxg3+ Kf7 44. b6 Qe4 45. Qe1 Qxf4 46. b7 Be5
47. Qxe5 dxe5 48. b8=Q Qe4 49. Qb7+ 1-0